| 000 | 00973nam a2200265 i 4500 | ||
|---|---|---|---|
| 001 | bg | ||
| 100 | 1 | _aPrystupa, Mieczysław. | |
| 245 | 1 | 0 |
_aWycena nieruchomości i przedsiębiorstw w podejściu dochodowym / _cMieczysław Prystupa. |
| 260 |
_aWarszawa : _bAlmamer Wyższa Szkoła Ekonomiczna, _c2008. |
||
| 300 |
_a187, [1] s. : _bil. ; _c24 cm. |
||
| 504 | _aBibliogr., wykaz aktów prawnych s. 183-[187]. | ||
| 650 | 9 |
_aNieruchomości _xwycena _xmetody |
|
| 650 | 9 |
_aNieruchomości _xwycena _xprawo _zPolska _ystan na 2008 r. |
|
| 650 | 9 |
_aPrzedsiębiorstwo _xwycena _xmetody |
|
| 650 | 9 |
_aPrzedsiębiorstwo _xwycena _xprawo _zPolska _ystan na 2008 r. |
|
| 020 | _a9788360197684 | ||
| 040 | _cBPK | ||
| 041 | _apol | ||
| 044 | _aPOL | ||
| 080 | _a347.235:332.74:334.72:657.92](438) | ||
| 920 | _a978-83-60197-68-4 | ||
| 942 | _cKS | ||
| 008 | s pl f |000 0 pol | ||
| 999 |
_c55970 _d55970 |
||
| 856 |
_uhttp://koha.tu.koszalin.pl/cgi-bin/koha/opac-detail.pl?biblionumber=55970 _yKatalog online BPK |
||